| 000 | 00968nam a22002177a 4500 | ||
|---|---|---|---|
| 005 | 20240801110157.0 | ||
| 010 | _aHIN-128061 | ||
| 020 | _c100.00 | ||
| 035 | _aHN-100407 | ||
| 037 | _bDBAD | ||
| 082 | _a821 | ||
| 100 |
_aमिश्रा, देवेन्द्र कुमार _969143 |
||
| 245 |
_aयथार्थ/ _cदेवेन्द्र कुमार मिश्रा |
||
| 246 | _a Yatharth /madhya | ||
| 260 |
_aछिंदवाड़ा (म.प्र.) _bश्री विष्णु प्रकाशन _c2011 |
||
| 270 |
_aपाटनी कॉलोनी ,भरत नगर ,चन्दन गांव _bछिंदवाड़ा (म.प्र.) |
||
| 300 |
_a100पृ. _c21सेमी.(अजिल्द) |
||
| 600 |
_d _969144 |
||
| 650 |
_aहिन्दी कविता _969145 |
||
| 942 |
_2ddc _cHN _h821 _mमिश्रादे |
||
| 999 |
_c204667 _d204667 |
||